00382 a2200121 450000100060000004000220000624000350002824500330006365000370009694200070013395201030014099900170024350899 cAnchieta - Pituba10aFestival de redação 2004l10aFestival de redação 2004 4aLínguas espanhola e portuguesa cMX 00104070a91.1b91.1d2023-11-21l0o460 C695 FESp271/PITr2023-11-21 18:19:16w2023-11-21yMX c50899d50899